Statistiques concernant Géographie de l'Inde.

Cliquez ici pour prendre le quiz!

Statistiques générales

  • Ce quiz a été pris 113 fois
  • Le résultat moyen est 11 sur 16

Statistiques - réponses

QuestionsRéponses% Correct
Quelle est la capitale de l'Inde?New Delhi
100%
Quel est l'unique pays dont la population est supérieure à celle de l'Inde?Chine
97%
Quel océan borde l'Inde?Océan {Indien}
96%
Sri Lanka
95%
Quelle importante chaîne de montagne se trouve au nord du pays?Himalaya
92%
Quelle est sa plus grande ville par sa population?Mumbai
92%
Avec quel pays l'Inde a-t-elle sa plus grande frontière?Bangladesh
91%
Quel est le plus long fleuve de l'Inde?Gange
85%
Quels pays insulaires se situent au sud de l'Inde?Maldives
75%
Quelles mers?Golfe du {Bengale}
71%
De combien d'états est constituée l'Inde?28
62%
Quel état indien est l'objet de revendications entre l'Inde, la Chine et le Pakistan?Jammu-et-Cachemire
61%
Quel fleuve du nord de l'Inde formait la limite de l'empire d'Alexandre le Grand?Indus
54%
Mer d'{Arabie}
44%
Quel cap marque l'extrémité sud de la péninsule indienne?Cap {Comorin}
6%
Quelle est la plus haute montagne indienne?Kanchenjunga
4%

Distribution des résultats

Percentile par nombre de réponses

% des personnes avec chaque résultat

Votre développement - résultats

Vous n’avez pas pris ce quiz